| 000 | 00642nam a2200253Ia 4500 | ||
|---|---|---|---|
| 003 | OSt | ||
| 005 | 20140313101155.0 | ||
| 008 | 140130s9999 xx 000 0 und d | ||
| 020 | _a0439200571 | ||
| 050 |
_aPZ 7 _b.M1257Mr 2000 |
||
| 100 | _aMaccarone, Grace. | ||
| 245 |
_cGrace Maccarone. _aMr.Rover takes over / |
||
| 260 |
_bScholastic Inc., _aUSA : _cc2000. |
||
| 300 |
_a30 p. : _bcol. ill. ; _c23 cm. |
||
| 440 | _v1 | ||
| 521 | _aBR | ||
| 526 | _cBR | ||
| 650 |
_aSubstitute teachers _xFiction. |
||
| 650 |
_aTeachers _xFiction. |
||
| 650 |
_aSchools _xFiction. |
||
| 942 |
_cBK _2lcc |
||
| 999 |
_c41529 _d41529 |
||